<?xml version="1.0" encoding="UTF-8"?>
<collection xmlns:xsi="http://www.w3.org/2001/XMLSchema-instance" xsi:schemaLocation="http://www.loc.gov/MARC21/slim http://www.loc.gov/standards/marcxml/schema/MARC21slim.xsd" xmlns="http://www.loc.gov/MARC21/slim">
 <record>
  <leader>00000cmm a22000004a 4500</leader>
  <controlfield tag="001">UP-99796217611254870</controlfield>
  <controlfield tag="003">Buklod</controlfield>
  <controlfield tag="005">20241015113834.0</controlfield>
  <controlfield tag="006">m    go  j        </controlfield>
  <controlfield tag="007">cr |n |||auu|a</controlfield>
  <controlfield tag="008">241015s2011    xxu     o  j        eng d</controlfield>
  <datafield tag="020" ind1=" " ind2=" ">
   <subfield code="a">9781603274333 (eBook)</subfield>
  </datafield>
  <datafield tag="035" ind1=" " ind2=" ">
   <subfield code="a">(iLib)UPD-00215705918</subfield>
  </datafield>
  <datafield tag="040" ind1=" " ind2=" ">
   <subfield code="a">DMLR</subfield>
   <subfield code="b">eng</subfield>
   <subfield code="e">rda</subfield>
  </datafield>
  <datafield tag="041" ind1=" " ind2=" ">
   <subfield code="a">eng</subfield>
  </datafield>
  <datafield tag="042" ind1=" " ind2=" ">
   <subfield code="a">DMLUC</subfield>
  </datafield>
  <datafield tag="084" ind1=" " ind2=" ">
   <subfield code="a">RC 862 I53</subfield>
   <subfield code="b">I54 2011eb</subfield>
  </datafield>
  <datafield tag="245" ind1="0" ind2="0">
   <subfield code="a">Inflammatory bowel disease</subfield>
   <subfield code="b">diagnosis and therapeutics</subfield>
   <subfield code="h">[electronic resource]</subfield>
   <subfield code="c">Russell D. Cohen, Editor.</subfield>
  </datafield>
  <datafield tag="250" ind1=" " ind2=" ">
   <subfield code="a">Second edition.</subfield>
  </datafield>
  <datafield tag="264" ind1=" " ind2="1">
   <subfield code="a">New Jersey</subfield>
   <subfield code="b">Humana Totowa</subfield>
   <subfield code="c">2011.</subfield>
  </datafield>
  <datafield tag="300" ind1=" " ind2=" ">
   <subfield code="a">1 online resource (xiii, 322 pages)</subfield>
   <subfield code="b">illustrations.</subfield>
  </datafield>
  <datafield tag="336" ind1=" " ind2=" ">
   <subfield code="a">text</subfield>
   <subfield code="2">rdacontent</subfield>
  </datafield>
  <datafield tag="337" ind1=" " ind2=" ">
   <subfield code="a">computer</subfield>
   <subfield code="2">rdamedia</subfield>
  </datafield>
  <datafield tag="338" ind1=" " ind2=" ">
   <subfield code="a">online resource</subfield>
   <subfield code="2">rdacarrier</subfield>
  </datafield>
  <datafield tag="490" ind1="0" ind2=" ">
   <subfield code="a">Clinical gastroenterology.</subfield>
  </datafield>
  <datafield tag="505" ind1="0" ind2=" ">
   <subfield code="a">The influence of twentieth-century biomedical thought on the origins of inflammatory bowel disease therapy / Joseph B. Kirsner -- The changing epidemiology of IBD / Anders Ekbom -- Recent advances in the genetics of IBD / Russell D. Cohen -- New paradigms in the pathogenesis of IBD / Giorgos Bamias, Theresa Pizarro, and Fabio Cominelli -- State of the art medical treatment of the adult patient with IBD : the mesalamine-based therapies / L. Campbell Levy and Corey A. Siegel -- State of the art medical treatment of the adult patient with IBD : modern use of corticosteroids / Wojciech Blonski, David Kotlyar, and Gary R. Lichtenstein -- State-of-the-art medical therapy of the adult patient with IBD : the immunomodulators / Dana Moffatt and Charles N. Bernstein -- State-of-the-art medical treatment of the adult patient with IBD : the biological therapies / Stephen B. Hanauer -- Prebiotics, probiotics, antibiotics, and nutritional therapies in IBD / Richard N. Fedorak, Levinus A. Dieleman, and Karen L. Madsen -- State-of-the-art management of the pediatric IBD patient / Marla Dubinsky -- Innovations in the surgical treatment of inflammatory bowel disease / Roger Hurst -- Clinical utility of serological markers and thiopurine drug monitoring in IBD : an evidence-based review / Raja Tamaz and Ernest G. Seidman -- Caring for women with inflammatory bowel disease / Sunanda Kane and Rebecca Kowalczyk -- Novel radiographic techniques in IBD patients / V. Anik Sahni and Koenraad J. Mortele -- Novel techniques in the diagnosis of inflammatory bowel disease / Shabana F. Pasha and Jonathan A. Leighton -- Inflammatory bowel disease pathology slideshow / Christopher R. Weber -- New findings in the diagnosis and prevention of colorectal cancer in IBD / David T. Rubin and Jami A. Rothe -- Managing the patient with a fecal diversion / Janice C. Colwell -- The new economic reality in the world of IBD / Nanda Venu and Russell D. Cohen.</subfield>
  </datafield>
  <datafield tag="506" ind1=" " ind2=" ">
   <subfield code="a">IP-based subscription, access limited to within on-campus computer network. Access via Electronic Resources of the UPD University Library Website.</subfield>
  </datafield>
  <datafield tag="520" ind1=" " ind2=" ">
   <subfield code="a">This Second Edition of Inflammatory Bowel Disease: Diagnosis and Therapeutics, provides readers with the most up-to-date approaches to IBD states, expansion of biological agents of treatment, new studies in the epidemiology of IBD, the changing economics of IBD, major advances in novel readiographic techniques; which aid in the detection of colorectal cancer in patients with IBD and new findings in the genetics of IBD. Major breakthroughs in new endoscopic evaluations of the bowel (i.e. Capsule endoscopy, double-balloon enteroscopy, endoscopic ultrasound) and their use in the inflammatory bowel diseases is also summarized in this book. This new edition continues to provide readers with a concise, yet in-depth review of many of the important areas in history, epidemiology, pathogenesis, diagnosis, and treatment of the inflammatory bowel diseases (ulcerative colitis and Crohn's disease), as well as associated issues: extra intestinal manifestations, ostomy care, women's issues and economics.</subfield>
  </datafield>
  <datafield tag="533" ind1=" " ind2=" ">
   <subfield code="a">Electronic reproduction.</subfield>
   <subfield code="b">New York</subfield>
   <subfield code="c">SpringerLink</subfield>
   <subfield code="d">2011.</subfield>
   <subfield code="n">Available via World Wide Web through SpringerLink.</subfield>
  </datafield>
  <datafield tag="650" ind1=" " ind2="0">
   <subfield code="a">Inflammatory bowel diseases</subfield>
   <subfield code="x">Diagnosis.</subfield>
  </datafield>
  <datafield tag="650" ind1=" " ind2="0">
   <subfield code="a">Inflammatory bowel diseases</subfield>
   <subfield code="x">Treatment.</subfield>
  </datafield>
  <datafield tag="700" ind1="1" ind2=" ">
   <subfield code="a">Cohen, Russell D.</subfield>
   <subfield code="e">editor.</subfield>
  </datafield>
  <datafield tag="856" ind1="4" ind2="0">
   <subfield code="y">Available for UP System via Springer Link.</subfield>
   <subfield code="u">http://dx.doi.org/10.1007/978-1-60327-433-3</subfield>
  </datafield>
  <datafield tag="905" ind1=" " ind2=" ">
   <subfield code="a">FO</subfield>
  </datafield>
  <datafield tag="852" ind1="0" ind2=" ">
   <subfield code="a">UPD</subfield>
   <subfield code="b">DMLR</subfield>
   <subfield code="h">RC 862 I53</subfield>
   <subfield code="i">I54 2011eb</subfield>
  </datafield>
  <datafield tag="942" ind1=" " ind2=" ">
   <subfield code="a">Electronic Resource</subfield>
  </datafield>
 </record>
</collection>
